Las Reglas del juego mundial y la política externa de América Latina /

Gespeichert in:
Bibliographische Detailangaben
1. Verfasser: Mayobre, Eduardo
Format: Text
Schlagworte:
Tags: Tag hinzufügen
Keine Tags, Fügen Sie den ersten Tag hinzu!

MARC

LEADER 00000 a a2200000 04500
001 2542
003
040
100 |a Mayobre, Eduardo  
245 |a Las Reglas del juego mundial y la política externa de América Latina /  |c Eduardo Mayobre 
650 |a POLITICA INTERNACIONAL  
650 |a DESARROLLO ECONOMICO Y SOCIAL  
650 |a PAISES EN DESARROLLO  
650 |a ASPECTOS POLITICOS  
650 |a ASPECTOS ECONOMICOS  
650 |a ACUERDOS INTERNACIONALES  
650 |a LIBRE COMERCIO  
650 |a CRECIMIENTO ECONOMICO  
773 |g número 53; páginas 57-73  
999 |c 19796  |d 19796